000 00740cam a2200229 4500
001 J100532
008 000000n1998 000 0 eng u
035 _a(Sirsi) u100204
041 _aENG
050 _a692.8
110 _aJoint Contracts Tribunal
_93664
245 _aAgreement for minor building works 1998 edition.
260 _aLondon
_bRIBA Publications
_c1998
300 _a24p. ; 30cm.
490 _aJCT Agreement for Minor Building Works 1998 Edition
650 _aJCT STANDARD FORM OF BUILDING CONTRACT 1998
650 _aMINOR WORKS
650 _aJCT MINOR WORKS AGREEMENT 1998
650 _aJCT AGREEMENT FOR MINOR BUILDING WORKS (1998 EDITION)
690 _aBUILT ENVIRONMENT-BUILDING CONTRACT FORMS
942 _n0
999 _c99646
_d99646